On the modeling of stationary non-gaussian processes /
Saved in:
| 主要作者: | |
|---|---|
| 格式: | Thesis 圖書 |
| 語言: | English |
| 出版: |
1987
|
| 主題: | |
| 標簽: |
添加標簽
沒有標簽, 成為第一個標記此記錄!
|
| LEADER | 00972cam a2200277 4500 | ||
|---|---|---|---|
| 001 | u83565 | ||
| 003 | SIRSI | ||
| 008 | 890622s1987 my t q0 eng m | ||
| 035 | |a AAJ-0904 | ||
| 040 | |a UMM | ||
| 043 | |a a-my--- | ||
| 090 | 0 | 0 | |a QA274.4 |b Sim |
| 091 | 0 | 0 | |a Microfiche 10756 |
| 100 | 1 | 0 | |a Sim, C. H. |q (Chiaw Hock) |
| 245 | 1 | 0 | |a On the modeling of stationary non-gaussian processes / |c Sim Chiaw Hock |
| 260 | |c 1987 | ||
| 300 | |a [vi], 133, [6] leaves ; |c 29cm | ||
| 500 | |a Also available on microfiche. Kuala Lumpur : Perpustakaan Universiti Malaya, 1996. 2 fiches : negative ; 11x15 cm. | ||
| 502 | |a Thesis (Ph.D.) -- Faculty of Science, University of Malaya, 1987 | ||
| 504 | 0 | 0 | |a Bibliography: leaves 128-133 |
| 650 | 0 | |a Gaussian processes | |
| 650 | 0 | |a Gamma rays | |
| 710 | 2 | 0 | |a Universiti Malaya. |b Fakulti Sains. |
| 948 | |a 17/03/1991 |b 24/10/2002 | ||
| 596 | |a 1 | ||
| 999 | |a QA274.4 SIM |w LC |c 1 |i A010577469 |d 17/1/2001 |l STACKS |m P01UTAMA |n 3 |r Y |s Y |t TESIS |u 22/1/1992 | ||
